Revolutionary confederation (Record no. 114834)

MARC details
000 -LEADER
campo de control de longitud fija 00608nam a2200169 i 4500
001 - NÚMERO DE CONTROL
campo de control 114834
003 - IDENTIFICADOR DE NÚMERO DE CONTROL
campo de control ES-MaACL
005 - FECHA Y HORA DE LA ÚLTIMA TRANSACCIÓN
campo de control 20230906190248.0
007 - CAMPO FIJO DE DESCRIPCIÓN FÍSICA--INFORMACIÓN GENERAL
campo de control de longitud fija t|
008 - DATOS DE LONGITUD FIJA--INFORMACIÓN GENERAL
campo de control de longitud fija 070403s1914 mx ||||1| eng d
100 1# - ENTRADA PRINCIPAL--NOMBRE DE PERSONA
Nombre de persona Rolland, Modesto C.
9 (RLIN) 99174
245 10 - MENCIÓN DEL TÍTULO
Título Revolutionary confederation
Resto del título : conferences held at Veracruz, december 7th and 23rd : the agrarian question and practical means of solving the problem /
Mención de responsabilidad, etc. Modesto C. Rolland.
260 ## - PUBLICACIÓN, DISTRIBUCIÓN, ETC.
Lugar de publicación, distribución, etc. Veracruz :
Nombre del editor, distribuidor, etc. Compañía Veracruzana de Publicidad,
Fecha de publicación, distribución, etc. [1914?]
300 ## - DESCRIPCIÓN FÍSICA
Extensión 12 p. ;
Dimensiones 19 cm.
852 ## - LOCALIZACIÓN
Ubicación ES-MaACL
Número de control de estantería 1483-F-3
852 ## - LOCALIZACIÓN
Ubicación ES-MaACL
Número de control de estantería 1592-F-1
Holdings
Estatus retirado Estado de pérdida Estado de daño No para préstamo Colección Biblioteca de origen Biblioteca actual Ubicación en estantería Fecha de adquisición Fuente de adquisición Total de préstamos Signatura topográfica completa Código de barras Visto por última vez Precio de reemplazo Tipo de ítem Koha
        Colección de folletos Biblioteca del Ateneo de Madrid Biblioteca del Ateneo de Madrid Depósito folletos 17/01/2008     1483-F-3 1119749 23/02/2023 23/02/2023 Folleto
        Colección de folletos Biblioteca del Ateneo de Madrid Biblioteca del Ateneo de Madrid Depósito folletos 17/01/2008     1592-F-1 1119750 23/02/2023 23/02/2023 Folleto